<?xml version="1.0" encoding="UTF-8"?>
<collection xmlns="http://www.loc.gov/MARC21/slim">
  <record>
    <leader>00000nam  2200000   4500</leader>
    <controlfield tag="001">INLIS000000000016024</controlfield>
    <controlfield tag="005">20231016033721</controlfield>
    <datafield tag="035" ind1="#" ind2="#">
      <subfield code="a">0010-1023000106</subfield>
    </datafield>
    <datafield tag="245" ind1="1" ind2="#">
      <subfield code="a">Konflik Internal dan Kompleksitas Proxy War di Timur Tengah /</subfield>
      <subfield code="c">Poltak Partogi Nainggolan</subfield>
    </datafield>
    <datafield tag="100" ind1=" " ind2="#">
      <subfield code="a">Poltak Partogi Nainggolan</subfield>
    </datafield>
    <datafield tag="250" ind1="#" ind2="#">
      <subfield code="a">1</subfield>
    </datafield>
    <datafield tag="300" ind1="#" ind2="#">
      <subfield code="a">xvi, 328 hal. ;</subfield>
      <subfield code="c">23 cm</subfield>
    </datafield>
    <datafield tag="856" ind1="#" ind2="#">
      <subfield code="a">Perpustakaan LAN Pusat</subfield>
    </datafield>
    <datafield tag="260" ind1="#" ind2="#">
      <subfield code="a">Jakarta :</subfield>
      <subfield code="b">Yayasan Pustaka Obor Indonesia,</subfield>
      <subfield code="c">2020</subfield>
    </datafield>
    <datafield tag="082" ind1="#" ind2="#">
      <subfield code="a">327.169 956</subfield>
    </datafield>
    <datafield tag="084" ind1="#" ind2="#">
      <subfield code="a">327.169 956 POL k</subfield>
    </datafield>
    <datafield tag="020" ind1="#" ind2="#">
      <subfield code="a">978-623-321-034-8</subfield>
    </datafield>
    <datafield tag="650" ind1="#" ind2="4">
      <subfield code="a">Konflik Perang</subfield>
    </datafield>
    <datafield tag="520" ind1="#" ind2="#">
      <subfield code="a">Timur Tengah menjadi sumber sekaligus penyebar instabilitas ke berbagai penjuru dunia. Konflik-konflik dominan diwarnai pertentangan antara kelompok-kelompok agama dan etnik demi perebutan sumber daya alam dan penguasaan teritorial yang tidak dapat dilepaskan dari sejarah kolonialisme di masa lalu dan juga repons dunia, terutama PBB, dan kekuatan-kekuatan kawasan dan global, dalam menyikapinya. Masa depan kawasan ini semakin runyam akibat aksi-aksi imperialisme dan pendudukan baru pasca-Perang Dunia II, termasuk yang dilakukan Israel dan didukung Barat pasca-invasi1967. Timur Tengah, pusat lahirnya agama-agama besar yang memengaruhi dunia, selain kaya dengan sumber daya alam minyak dan gas bumi, yang menyediakan sebagian besar kebutuhan energi dunia, semakin memanas akibat eskalasi ketegangan yang sulit diturunkan karena kepentingan tumpang-tindih berbagai kelompok dan negara yang terlibat konflik di dalamnya. Friksi dan perpecahan kelompok-kelompok kekuatan domestik yang kian meluas, dan masuknya kekuatan besar lain, seperti Rusia dan juga Tukri, menambah kompleks persoalan yang muncul, sehingga upaya mencari resolusi konflik semakin sulit. Bukan tidak mungkin, akibat perkembangannya yang terus memanas dari konflik yang lama dan baru yang ada di kawasan ini.</subfield>
    </datafield>
    <datafield tag="990" ind1="#" ind2="#">
      <subfield code="a">220919760</subfield>
    </datafield>
  </record>
</collection>
